Matches de l'équipe d'Afrique du Sud de rugby à XV (2020 - …). - Statistiques

Statistiques générales
  • Ce quiz a été pris 342 fois
    9 depuis la dernière actualisation
  • Le résultat moyen est 14 sur 15
Statistiques - réponses
Adversaires % Correct
4 Angleterre
100%
10 Argentine
100%
9 Australie
100%
3 Écosse
100%
3 France
100%
2 Géorgie
100%
5 Irlande
100%
4 Italie
100%
11 Nouvelle-Zélande
100%
7 Pays de Galles
100%
1 Japon
88%
1 Portugal
88%
1 Roumanie
88%
1 Tonga
88%
3 Lions Britanniques et Irlandais
75%
Aucun quiz correspondant
Distribution des résultats
% des personnes avec chaque résultat
Percentile par nombre de réponses
Votre historique - résultats
Vous n’avez pas pris ce quiz depuis la dernière actualisation